Manitoba Municipalities - Statistics

General Stats
  • This quiz has been taken 19 times
  • The average score is 23 of 183
Answers on the Map
Answers color-coded by a green-red scale on the quiz's map according to % correct below.
 
Answer Stats
Hint Answer % Correct
City Winnipeg
93%
City Brandon
86%
Town Churchill
57%
City | Rm Dauphin
50%
City Flin Flon
50%
City Steinbach
50%
Rm Gimli
43%
City Morden
43%
City | Rm Thompson
43%
Town Niverville
36%
Rm St Laurent
36%
Rm East St Paul
29%
City | Rm Portage La Prairie
29%
Town Stonewall
29%
Rm West St Paul
29%
City Winkler
29%
Town Altona
21%
Town Arborg
21%
Town Beausejour
21%
Town Carberry
21%
Town Carman
21%
Rm Headingley
21%
Rm | Town Lac Du Bonnet
21%
Town Melita
21%
Rm | Town Morris
21%
Town Neepawa
21%
Northern Community Norway House
21%
Municipality Pembina
21%
Municipality Roblin
21%
City Selkirk
21%
Town Swan River
21%
Town The Pas
21%
Town Virden
21%
Town Winnipeg Beach
21%
Rm Argyle
14%
Municipality Brenda-Waskada
14%
Rm Coldwell
14%
Rm Fisher
14%
Town Gillam
14%
Town Grand Rapids
14%
Municipality Grassland
14%
Rm Hanover
14%
Rm Kelsey
14%
Municipality Killarney Turtle Mountain
14%
Rm Lakeshore
14%
Municipality Lorne
14%
Municipality Louise
14%
Rm Macdonald
14%
Town Minnedosa
14%
Northern Community Moose Lake
14%
Lgd Pinawa
14%
Rm Piney
14%
Town Powerview-Pine Falls
14%
Rm Prairie Lakes
14%
Municipality Rhineland
14%
Rm Ritchot
14%
Rm Rosser
14%
Town Snow Lake
14%
Rm Springfield
14%
Rm | Town Ste Anne
14%
Municipality Ste. Rose
14%
Town Teulon
14%
Municipality Two Borders
14%
Rm Victoria
14%
Rm Victoria Beach
14%
Rm Woodlands
14%
Rm Alexander
7%
Rm Alonsa
7%
Rm Armstrong
7%
Northern Settlement Baden
7%
Northern Community Berens River
7%
Municipality Bifrost-Riverton
7%
Northern Community Bissett
7%
Municipality Boissevain-Morton
7%
Rm Brokenhead
7%
Rm Cartier
7%
Municipality Cartwright-Roblin
7%
Municipality Clanwilliam-Erickson
7%
Northern Community Cormorant
7%
Rm Cornwallis
7%
Northern Community Cross Lake
7%
Northern Community Dauphin River
7%
Municipality Deloraine-Winchester
7%
Rm De Salaberry
7%
Rm Dufferin
7%
Village Dunnottar
7%
Northern Community Easterville
7%
Rm Ellice-Archie
7%
Rm Elton
7%
Municipality Emerson-Franklin
7%
Municipality Ethelbert
7%
Northern Community Fisher Bay
7%
Municipality Gilbert Plains
7%
Municipality Glenboro-South Cypress
7%
Municipality Glenella-Lansdowne
7%
Rm Grahamdale
7%
Municipality Grandview
7%
Rm Grey
7%
Municipality Hamiota
7%
Municipality Harrison Park
7%
Northern Community Ilford
7%
Rm La Broquerie
7%
Town Leaf Rapids
7%
Town Lynn Lake
7%
Municipality Mccreary
7%
Municipality Minitonas-Bowsman
7%
Rm Minto-Odanah
7%
Rm Montcalm
7%
Municipality Mossey River
7%
Rm Mountain
7%
Lgd Mystery Lake
7%
Northern Community Nelson House
7%
Municipality Norfolk Treherne
7%
Municipality North Cypress-Langford
7%
Municipality North Norfolk
7%
Municipality Oakland-Wawanesa
7%
Rm Oakview
7%
Rm Pipestone
7%
Municipality Prairie View
7%
Rm Reynolds
7%
Rm Riding Mountain West
7%
Municipality Riverdale
7%
Rm Rockwood
7%
Rm Roland
7%
Rm Rosedale
7%
Municipality Rossburn
7%
Municipality Russell-Binscarth
7%
Rm Sifton
7%
Municipality Souris-Glenwood
7%
Rm St Andrews
7%
Rm Stanley
7%
Rm St Clements
7%
Rm St Francois Xavier
7%
Village St Pierre-Jolys
7%
Rm Stuartburn
7%
Municipality Swan Valley West
7%
Rm Tache
7%
Rm Wallace-Woodworth
7%
Rm West Interlake
7%
Municipality Westlake-Gladstone
7%
Rm Whitehead
7%
Rm Whitemouth
7%
Municipality Yellowhead
7%
Northern Settlement Aghaming
0%
Northern Community Barrows
0%
Northern Community Brochet
0%
Northern Community Camperville
0%
Northern Community Crane River
0%
Northern Community Dallas/Red Rose
0%
Northern Community Dawson Bay
0%
Northern Community Duck Bay
0%
Northern Community Gods Lake Narrows
0%
Northern Community Harwill
0%
Northern Settlement Herb Lake Landing
0%
Northern Community Homebrook-Peonan Point
0%
Northern Community Island Lake
0%
Northern Settlement Little Grand Rapids
0%
Northern Settlement Loon Straits
0%
Northern Community Mallard
0%
Northern Community Manigotagan
0%
Northern Community Matheson Island
0%
Northern Community Meadow Portage
0%
Northern Community National Mills
0%
Northern Community Pelican Rapids
0%
Northern Community Pikwitonei
0%
Northern Community Pine Dock
0%
Northern Settlement Princess Harbour
0%
Northern Community Red Deer Lake
0%
Northern Community Rock Ridge
0%
Northern Settlement Salt Point
0%
Northern Community Seymourville
0%
Northern Community Sherridon
0%
Northern Community South Indian Lake
0%
Northern Community Spence Lake
0%
Northern Community Thicket Portage
0%
Northern Community Wabowden
0%
Northern Community Waterhen
0%
No matching quizzes found
Score Distribution
Percent of People with Each Score
Percentile by Number Answered
Your Score History
You have not taken this quiz